[Event "It \"]
[Site "masterchessopen.com London (England)"]
[Date "1981.08.28"]
[Round "4"]
[White "Freeman Michael J (SCO)"]
[Black "Smyslov Vassily (RUS)"]
[Result "0-1"]
[WhiteElo "2210"]
[BlackElo "2580"]

1.d4 Nf6 2.c4 e6 3.Nc3 Bb4 4.e3 b6 5.Ne2 Ba6 6.a3 Bxc3+ 7.Nxc3 d5 8.b3 O-O
9.Be2 Nc6 10.a4 dxc4 11.bxc4 Qd7 12.Ba3 Rfd8 13.O-O e5 14.d5 Na5 15.Nb5 c6
16.dxc6 Qxc6 17.Qc2 Bb7 18.Bf3 e4 19.Be2 a6 20.Nd4 Qc7 21.Rab1 Nd7 22.Nf5 Nc5
23.Qb2 f6 24.Qxb6 Qxb6 25.Rxb6 Nxa4 26.Rd6 Nc3 27.Bg4 Nxc4 28.Nh6+ gxh6
29.Be6+ Kg7 30.Bxc4 Rxd6 31.Bxd6 Rc8 32.Bb3 a5 33.Ra1 a4 34.h4 Rc6 35.Bb4 axb3
{#R} 0-1

[Event "Ch Baden (MB2)"]
[Site "masterchessopen.com Kirchheim (Germany)"]
[Round "7"]
[White "Armasow Ulrich Dr (GER)"]
[Black "Villing Dieter (GER)"]
[Result "0-1"]
[WhiteElo "1989"]
[BlackElo "2168"]

1.d4 Nf6 2.c4 e6 3.Nc3 Bb4 4.e3 b6 5.Ne2 Ba6 6.a3 Bxc3+ 7.Nxc3 c5 8.d5 exd5
9.Nxd5 Nc6 10.Be2 Na5 11.Nxf6+ Qxf6 12.Qc2 Qg6 13.Bd3 Qe6 14.b3 Rd8 15.Bf5 Qc6
16.Be4 Qh6 17.Bd2 O-O 18.Bxa5 bxa5 19.O-O Rb8 20.Rfd1 d6 21.Rab1 Rfe8 22.Bf3
Rb6 23.Qd2 a4 24.bxa4 Rxb1 25.Rxb1 Bxc4 26.Rb7 Qf6 27.Qc2 d5 28.Rxa7 Rb8 29.h3
Qe5 30.g3 h5 31.h4 Qf5 32.Kg2 Rb1 33.Ra8+ Kh7 34.Qd2 Bf1+ 35.Kh2 Qh3+ {#R} 0-1

[Event "Olympiad"]
[Site "masterchessopen.com Lucerne (Switzerland)"]
[Round "0"]
[White "Plachetka Jan (SVK)"]
[Black "Schneider Lars-Ake (SWE)"]
[Result "1-0"]
[WhiteElo "2388"]
[BlackElo "2455"]

1.d4 Nf6 2.c4 e6 3.Nc3 Bb4 4.e3 b6 5.Ne2 Ba6 6.Ng3 O-O 7.e4 Nc6 8.Bg5 h6 9.h4
e5 10.d5 Na5 11.Qf3 Bxc4 12.Nf5 Bxf1 13.Kxf1 Nc4 14.Bxh6 Nd6 15.Nxd6 Bxd6
16.Bg5 Be7 17.Ne2 c6 18.d6 Bxd6 19.Ng3 Be7 20.Nf5 d5 21.Rd1 Re8 22.exd5 cxd5
23.h5 e4 24.Qf4 Qb8 25.Qh4 Qe5 26.Nxe7+ Rxe7 27.h6 e3 28.Bxe3 Qe4 29.hxg7 Qxh4
30.Rxh4 Kxg7 31.Bd4 Kg6 32.Rd3 Ne4 33.f3 Nd6 34.Bc3 Nb5 35.Rg4+ Kh6 36.Bd2+
{#r} 1-0

[Event "Ch Great Britain"]
[Site "masterchessopen.com Torquay (England)"]
[Round "6"]
[White "Muir Andrew J (SCO)"]
[Black "Kenworthy Gary (ENG)"]
[Result "1-0"]
[WhiteElo "2225"]
[BlackElo "2297"]

1.d4 Nf6 2.c4 e6 3.Nc3 Bb4 4.e3 b6 5.Ne2 Ba6 6.Ng3 O-O 7.e4 c5 8.d5 exd5
9.cxd5 Bxf1 10.Kxf1 Re8 11.f3 d6 12.Bf4 Qd7 13.Qd3 Bxc3 14.Qxc3 Na6 15.Nf5 Nc7
16.Nxd6 Red8 17.Be5 Nfxd5 18.exd5 Nxd5 19.Qd2 Qe6 20.Rd1 Ne7 21.Bf4 Nf5 22.Qd5
g5 23.g4 Qxd5 24.Rxd5 Rxd6 25.Rxd6 Nxd6 26.Bxd6 Rd8 27.Be5 {#r} 1-0

[Event "Ch Great Britain"]
[Site "masterchessopen.com Torquay (England)"]
[Round "2"]
[White "Muir Andrew J (SCO)"]
[Black "Levitt Jonathan (ENG)"]
[Result "1-0"]
[WhiteElo "2225"]
[BlackElo "2310"]

1.d4 Nf6 2.c4 e6 3.Nc3 Bb4 4.e3 b6 5.Ne2 Ba6 6.Ng3 O-O 7.e4 c5 8.d5 exd5
9.cxd5 Re8 10.Bxa6 Nxa6 11.f3 c4 12.O-O Bc5+ 13.Kh1 Nb4 14.Na4 Bf8 15.Nf5 Rc8
16.Bg5 h6 17.Bh4 g6 18.Qd4 g5 19.Bg3 Nc2 20.Qd2 Nxa1 21.Rxa1 Nh5 22.Bf2 Qf6
23.Bd4 Qg6 24.g4 Ng7 25.Nc3 a6 26.a4 Rb8 27.h4 gxh4 28.Nxh6+ Kh7 29.g5 Bc5
30.Rg1 Nh5 31.Rg4 Ng3+ 32.Kg2 Qh5 33.Nxf7 Rg8 34.Qf4 Qg6 35.Rxh4+ Nh5 36.Bf6
Be3 37.Qg4 Bxg5 38.Bxg5 Qxf7 39.Rxh5+ Kg7 {#r} 1-0

[Event "Ch Brazil"]
[Site "masterchessopen.com Brasilia (Brazil)"]
[Round "7"]
[White "Milos Gilberto (BRA)"]
[Black "Sunye Neto Jaime (BRA)"]
[Result "0-1"]
[WhiteElo "2597"]
[BlackElo "2500"]

1.d4 Nf6 2.c4 e6 3.Nc3 Bb4 4.e3 b6 5.Ne2 Ba6 6.a3 Bxc3+ 7.Nxc3 d5 8.b4 dxc4
9.e4 c6 10.Bg5 Qc7 11.Qc2 Nbd7 12.Be2 c5 13.dxc5 bxc5 14.O-O O-O 15.b5 Bb7
16.f3 Nb6 17.Be3 Qe5 18.Qc1 Rfd8 19.Bf4 Qd4+ 20.Be3 Qd6 21.a4 Qc7 22.a5 Nbd7
23.Bxc4 Ne5 24.Be2 Nd3 25.Qa3 a6 26.b6 Qe5 27.f4 Qb8 28.Rad1 c4 29.e5 Ne4
30.Nxe4 Bxe4 31.Qc3 Qc8 32.Bxd3 Bxd3 33.Rf2 Qb7 34.Bc5 Rd5 35.Bd6 Rd8 36.Qb4
Rd7 37.Rfd2 h6 38.Rc1 Rb5 39.Qa4 Qe4 40.Rf2 Qd5 41.Qa3 Rxa5 42.Qb4 Rb5 43.Qa3
Rxb6 44.h3 Rdb7 45.Kh2 Rc6 46.Rb2 Rb5 47.Rxb5 axb5 48.Qa8+ Kh7 49.Qf8 Ra6 {#R}
0-1

[Event "Tournament \"]
[Site "masterchessopen.com Bagneux (France)"]
[Round "0"]
[White "Plachetka Jan (SVK)"]
[Black "Tompa Janos (HUN)"]
[Result "1-0"]
[WhiteElo "2388"]
[BlackElo "2398"]

1.d4 Nf6 2.c4 e6 3.Nc3 Bb4 4.e3 b6 5.Ne2 Ba6 6.a3 Bxc3+ 7.Nxc3 d5 8.Qf3 O-O
9.g4 Bb7 10.Bd3 Nbd7 11.g5 Ne4 12.Nxe4 dxe4 13.Bxe4 Bxe4 14.Qxe4 Qxg5 15.Qc6
Nf6 16.Bd2 Qg4 17.f3 Qf5 18.O-O-O e5 19.dxe5 Qxe5 20.Kb1 Qe6 21.Qxe6 fxe6
22.Bc3 Rad8 23.Be5 c5 24.Kc2 Nh5 25.Rxd8 Rxd8 26.b4 cxb4 27.axb4 Rf8 28.f4 Nf6
29.Rg1 Rf7 30.Kb3 Nd7 31.Bd6 Rf5 32.Ra1 a5 33.c5 bxc5 34.bxa5 Rd5 35.Bc7 c4+
36.Kb4 Rc5 37.Bd6 Rc6 38.Kb5 Rc8 39.a6 {#r} 1-0

[Event "Ch Czechoslovakia (open)"]
[Site "masterchessopen.com Bratislava (Slovakia)"]
[Round "0"]
[White "Knaak Rainer (GER)"]
[Black "Plachetka Jan (SVK)"]
[Result "1-0"]
[WhiteElo "2490"]
[BlackElo "2465"]

1.d4 Nf6 2.c4 e6 3.Nc3 Bb4 4.e3 b6 5.Ne2 Ba6 6.Ng3 Bxc3+ 7.bxc3 d5 8.Qf3 O-O
9.cxd5 exd5 10.Bxa6 Nxa6 11.Qe2 Nb8 12.O-O c5 13.f3 Nc6 14.Bb2 Qd7 15.e4 cxd4
16.cxd4 Qe6 17.e5 Nd7 18.Nh5 Rfd8 19.Rad1 Nf8 20.f4 f5 21.g4 Ng6 22.gxf5 Qxf5
23.Bc1 Rf8 24.Ng3 Qh3 25.f5 Nh4 26.Rd3 Rae8 27.Bb2 Nb4 28.Rb3 Nxa2 29.Ra3 Rc8
30.Rxa2 Nxf5 31.Ra3 {#r} 1-0

[Event "It (2)"]
[Site "masterchessopen.com Copenhagen (Denmark)"]
[Round "6"]
[White "Hoi Carsten (DEN)"]
[Black "Norgaard Jesper (DEN)"]
[Result "1-0"]
[WhiteElo "2370"]
[BlackElo "2408"]

1.d4 Nf6 2.c4 e6 3.Nc3 Bb4 4.e3 b6 5.Ne2 Ba6 6.Ng3 Bxc3+ 7.bxc3 d5 8.Qf3 O-O
9.h4 Nbd7 10.cxd5 Bb7 11.e4 exd5 12.e5 Ne4 13.Nf5 g6 14.Ng3 f5 15.h5 Ng5
16.Qf4 Ne6 17.Qh6 Qe8 18.hxg6 Qxg6 19.Bd3 Rae8 20.Qh3 Ng7 21.Bh6 Nxe5 22.dxe5
Rxe5+ 23.Kd2 Bc8 24.Bf4 Re4 25.Bxe4 fxe4 26.Qh6 Qxh6 27.Bxh6 Rxf2+ 28.Ke3 Rc2
29.Bxg7 Kxg7 30.Nh5+ {#r} 1-0

[Event "Ch Netherlands (1/2 final)"]
[Site "masterchessopen.com Eindhoven (Netherlands)"]
[Round "6"]
[White "Pieterse Gert (NED)"]
[Black "Happel Hendrik A (NED)"]
[Result "1-0"]
[WhiteElo "2361"]
[BlackElo "2140"]

1.d4 Nf6 2.c4 e6 3.Nc3 Bb4 4.e3 b6 5.Ne2 Ba6 6.a3 Bxc3+ 7.Nxc3 d5 8.b3 O-O
9.Be2 Nc6 10.a4 Na5 11.Rb1 c5 12.Nb5 Bxb5 13.axb5 dxc4 14.bxc4 cxd4 15.exd4
Qc7 16.Bd2 Rfd8 17.Bxa5 bxa5 18.Qd2 e5 19.d5 Ne4 20.Qe3 Nc5 21.O-O f5 22.Rbd1
Rac8 23.f4 e4 24.Kh1 Qd6 25.Qd4 Re8 26.Qc3 Nb7 27.g4 fxg4 28.Bxg4 Rcd8 29.Be6+
Kh8 30.f5 Nc5 31.Rg1 Qe7 32.Qd4 Nd3 33.Rdf1 Nc5 34.Qc3 Qf6 35.Qe3 Nxe6 36.fxe6
Qe5 37.Rg5 Qb2 38.Rgf5 g6 39.Rf7 Qe5 40.Qh6 {#r} 1-0

[Event "It (open)"]
[Site "masterchessopen.com Gausdal (Norway)"]
[Round "0"]
[White "Yrjola Jouni (FIN)"]
[Black "Tisdall Jonathan D (NOR)"]
[Result "0-1"]
[WhiteElo "2310"]
[BlackElo "2420"]

1.d4 Nf6 2.c4 e6 3.Nc3 Bb4 4.e3 b6 5.Ne2 Ba6 6.a3 Be7 7.Nf4 d5 8.cxd5 Bxf1
9.Kxf1 exd5 10.g4 g5 11.Nh5 Nxh5 12.gxh5 Rf8 13.Qf3 c6 14.e4 dxe4 15.Qxe4 f5
16.Qe6 Qd7 17.Qh6 f4 18.Qxh7 Qh3+ 19.Ke2 Rf6 20.Qh8+ Kd7 21.Bd2 Rf8 22.Qh7 Na6
23.Rae1 Rh8 24.Qd3 Qxd3+ 25.Kxd3 Rxh5 26.d5 Rc8 27.Re5 Bd6 28.Rf5 cxd5 29.Rxd5
Nc7 30.Rd4 Ne6 31.Rd5 Kc6 32.b4 Rh3+ 33.Ke4 Re8 34.Kf5 Nc7 35.b5+ Kd7 36.Rd4
Re5+ 37.Kg6 Ne6 38.Rd5 Nf8+ 39.Kf7 Re7+ 40.Kf6 Nh7+ 41.Kf5 Rf7+ 42.Kg6 Rf6+
43.Kg7 Re6 44.Re1 Rxe1 45.Bxe1 Ke6 46.Kg6 Bf8 {#R} 0-1

[Event "Bundesliga 1982/83"]
[Site "masterchessopen.com Germany"]
[Round "0"]
[White "Heimerl Lothar (GER)"]
[Black "Cladouras Panagiotis (GER)"]
[Result "0-1"]
[WhiteElo "2215"]
[BlackElo "2370"]

1.d4 Nf6 2.c4 e6 3.Nc3 Bb4 4.e3 b6 5.Ne2 Ba6 6.a3 Bxc3+ 7.Nxc3 d5 8.b4 O-O
9.b5 Bb7 10.Bb2 Nbd7 11.f3 Re8 12.Be2 e5 13.dxe5 Nxe5 14.cxd5 Bxd5 15.O-O Nc4
16.Bxc4 Bxc4 17.Re1 Qxd1 18.Raxd1 Rad8 19.e4 Kf8 20.a4 Ke7 21.Ba3+ Ke6 22.f4
Rxd1 23.Rxd1 Rc8 24.f5+ Ke5 25.Bb2 Bb3 26.Re1 Kd4 27.e5 Nd5 28.Ne4+ Kd3
29.Nf2+ Kd2 30.Ra1 g6 31.fxg6 hxg6 32.a5 Kc2 33.Bd4 Rd8 34.axb6 axb6 35.g3 Bc4
36.Re1 Ne7 37.Be3 Nf5 38.Bf4 Nd4 39.Rc1+ Kb3 40.Rb1+ Ka2 41.Rb4 Bxb5 42.e6 c5
43.Bc7 cxb4 44.Bxd8 Nxe6 45.Bxb6 b3 46.Nd1 b2 47.Nc3+ Kb3 {#R} 0-1

[Event "It (open)"]
[Site "masterchessopen.com Hamar (Norway)"]
[Round "6"]
[White "Bass Leonid (USA)"]
[Black "Thorsteins Karl (ISL)"]
[Result "1-0"]
[WhiteElo "2460"]
[BlackElo "2469"]

1.d4 Nf6 2.c4 e6 3.Nc3 Bb4 4.e3 b6 5.Ne2 Ba6 6.a3 Bxc3+ 7.Nxc3 d5 8.b3 O-O
9.Be2 Qd7 10.O-O dxc4 11.bxc4 Nc6 12.Qc2 Na5 13.Na2 c5 14.dxc5 Rac8 15.Rd1 Qe7
16.Bd2 Qc7 17.Bc3 e5 18.Bxa5 bxa5 19.Rd6 Bb7 20.Qb2 Ne4 21.Qxe5 Nxd6 22.cxd6
Qc5 23.Qxc5 Rxc5 24.Rd1 Rd8 25.Rd4 Bc8 26.Nc3 Rc6 27.Nd5 Kf8 28.Ne7 Rc5 29.f4
f5 30.g4 g6 31.Kf2 Be6 32.e4 fxe4 33.Ke3 Rb8 34.Rxe4 Rb3+ 35.Kd4 {#r} 1-0

[Event "Ch URS (1/2 final)"]
[Site "masterchessopen.com Volgodonsk (Russia)"]
[Round "0"]
[White "Ionov Sergey (RUS)"]
[Black "Karpeshov Oleg (RUS)"]
[Result "0-1"]
[WhiteElo "2540"]
[BlackElo "2384"]

1.d4 Nf6 2.c4 e6 3.Nc3 Bb4 4.e3 b6 5.Ne2 Ba6 6.a3 Bxc3+ 7.Nxc3 d5 8.b3 O-O
9.Be2 Nc6 10.a4 Na5 11.Nb5 c6 12.Na3 c5 13.dxc5 bxc5 14.Bb2 Rb8 15.Nb5 Nc6
16.O-O Bb7 17.cxd5 exd5 18.Rc1 a6 19.Na3 Qe7 20.Bf3 Ne4 21.Bxe4 dxe4 22.Qg4 f6
23.Rfd1 Bc8 24.Qe2 Nb4 25.Bc3 Nd3 26.Rb1 Be6 27.Nc4 Rfd8 28.Nd2 Bd5 29.f3 exf3
30.Nxf3 Nf4 31.Qf2 Ne6 32.Nd2 Ng5 33.Qf4 Qe6 34.h4 Nf7 35.b4 cxb4 36.Bxb4 Ne5
37.Nf1 Rbc8 38.Qf2 Rc4 39.Rd4 {#R} 0-1

[Event "It (cat.9)"]
[Site "masterchessopen.com Warsaw (Poland)"]
[Round "0"]
[White "Plachetka Jan (SVK)"]
[Black "Skrobek Ryszard (POL)"]
[Result "1-0"]
[WhiteElo "2465"]
[BlackElo "2420"]

1.d4 Nf6 2.c4 e6 3.Nc3 Bb4 4.e3 b6 5.Ne2 Ba6 6.Ng3 Bxc3+ 7.bxc3 d5 8.Ba3 Bxc4
9.Bxc4 dxc4 10.O-O Qd7 11.e4 Qb5 12.Rb1 Qa6 13.Bb4 Nc6 14.a4 O-O-O 15.Qe2 h5
16.h4 Rh6 17.Rfe1 Rg6 18.Nf1 Kb7 19.Nd2 e5 20.d5 Na5 21.Bxa5 Qxa5 22.Qxc4 Qa6
23.Qxa6+ Kxa6 24.Rb2 Nd7 25.Nb3 f5 26.c4 fxe4 27.a5 Kb7 28.axb6 cxb6 29.c5
bxc5 30.Nxc5+ Ka8 31.Ne6 Rc8 32.Ra1 Nb8 33.Rab1 Na6 34.Rb7 Rc1+ 35.Rxc1 Kxb7
36.Rc6 Rf6 37.Kf1 Nb4 38.Nc5+ Kb8 39.Nd7+ Kb7 40.Nxf6 Nxc6 41.dxc6+ {#r} 1-0

[Event "?"]
[Site "masterchessopen.com Finland"]
[Round "0"]
[White "Yrjola Jouni (FIN)"]
[Black "Turunen Pekka (FIN)"]
[Result "1-0"]
[WhiteElo "2515"]
[BlackElo "2246"]

1.d4 Nf6 2.c4 e6 3.Nc3 Bb4 4.e3 b6 5.Ne2 Ba6 6.a3 Be7 7.Nf4 O-O 8.g4 Bb7 9.d5
exd5 10.cxd5 Bd6 11.g5 Bxf4 12.gxf6 Re8 13.fxg7 Qh4 14.Qf3 Na6 15.Bd3 Nc5
16.Bc2 Ba6 17.Rg1 Be5 18.Rg4 Bxc3+ 19.bxc3 Qxh2 20.Kd2 Qe5 21.Bxh7+ {#r} 1-0

[Event "Bundesliga (2nd) North 1983/84"]
[Site "masterchessopen.com Germany"]
[Round "0"]
[White "Gerigk Wolf (GER)"]
[Black "Von Herman Ulf (GER)"]
[Result "1-0"]
[WhiteElo "2080"]
[BlackElo "2419"]

1.d4 Nf6 2.c4 e6 3.Nc3 Bb4 4.e3 b6 5.Ne2 Ba6 6.a3 Be7 7.Nf4 d5 8.Qf3 Bb7
9.cxd5 Nxd5 10.Bb5+ c6 11.Ncxd5 exd5 12.Bd3 O-O 13.O-O Nd7 14.Bd2 Nf6 15.b4
Re8 16.Rfc1 Bf8 17.Qd1 Ne4 18.Be1 g6 19.Bf1 Qd7 20.Rab1 Nd6 21.Qb3 Rac8 22.g3
Rc7 23.a4 Bh6 24.Bh3 Qe7 25.b5 Bxf4 26.exf4 c5 27.dxc5 bxc5 28.Ba5 c4 29.Qb2
Ne4 30.Bxc7 Qxc7 31.Re1 c3 32.Qb4 Qb6 33.Re3 d4 34.Rd3 Rd8 35.Rbd1 Nd2 36.a5
Qf6 37.Bg2 Bxg2 38.Kxg2 g5 39.fxg5 Qe5 40.R1xd2 cxd2 41.Qxd2 Qe4+ 42.f3 Qd5
43.b6 axb6 44.axb6 Qd7 45.h4 Kg7 46.h5 h6 47.gxh6+ {#r} 1-0

[Event "Ch Canada"]
[Site "masterchessopen.com Ottawa (Canada)"]
[Round "0"]
[White "Baragar Fletcher (CAN)"]
[Black "Spraggett Kevin (CAN)"]
[Result "1-0"]
[WhiteElo "2280"]
[BlackElo "2540"]

1.d4 Nf6 2.c4 e6 3.Nc3 Bb4 4.e3 b6 5.Ne2 Ba6 6.a3 Bxc3+ 7.Nxc3 d5 8.b3 O-O
9.a4 Qd7 10.Be2 dxc4 11.bxc4 Nc6 12.O-O Na5 13.Nb5 c6 14.Na3 c5 15.Bb2 Rfd8
16.Qc2 cxd4 17.exd4 Rac8 18.Rfe1 Nd5 19.Rac1 Nb4 20.Qd1 Bb7 21.Rc3 Nac6 22.Rb3
a5 23.Nb5 Ne7 24.Bf1 Nf5 25.Rh3 Re8 26.Qh5 h6 27.Qg4 Qe7 28.d5 Qg5 29.Qxg5
hxg5 30.g4 Nh4 31.Nd6 Ba8 32.Nxe8 Rxe8 33.f4 {#r} 1-0

[Event "Ch Great Britain"]
[Site "masterchessopen.com Edinburgh (Scotland)"]
[Round "2"]
[White "Martin Andrew D (ENG)"]
[Black "Branford John W (ENG)"]
[Result "1-0"]
[WhiteElo "2399"]
[BlackElo "2235"]

1.d4 Nf6 2.c4 e6 3.Nc3 Bb4 4.e3 b6 5.Ne2 Ba6 6.Ng3 Bxc3+ 7.bxc3 d5 8.Ba3 dxc4
9.Be2 Qd7 10.e4 Nc6 11.O-O O-O-O 12.Qc2 h5 13.Rfd1 Nb8 14.Bc1 Qc6 15.f3 h4
16.Nf1 Rdg8 17.d5 exd5 18.exd5 Qd7 19.Ne3 h3 20.g3 Re8 21.Bf1 Qd6 22.Nf5 Qc5+
23.Qf2 Qxf2+ 24.Kxf2 g6 25.Ne3 Rd8 26.a4 c6 27.d6 Ne8 28.Nxc4 Bxc4 29.Bxc4
Nxd6 30.Bd3 f5 31.a5 Rhe8 32.axb6 axb6 33.Bf4 Nb5 34.Bxb5 cxb5 35.Rxd8+ Rxd8
36.Ra7 Rd3 37.Ra8 {#r} 1-0

[Event "Bundesliga 1984/85"]
[Site "masterchessopen.com Germany"]
[Round "0"]
[White "Vogel Robert (GER)"]
[Black "Wegner Hannu (GER)"]
[Result "1-0"]
[WhiteElo "2256"]
[BlackElo "2358"]

1.d4 Nf6 2.c4 e6 3.Nc3 Bb4 4.e3 b6 5.Ne2 Ba6 6.Ng3 Nc6 7.Bd2 O-O 8.Be2 Re8
9.O-O Bf8 10.Qa4 Bb7 11.Rac1 a6 12.a3 d5 13.cxd5 exd5 14.Bf3 Na7 15.Qc2 c5
16.dxc5 bxc5 17.Rfd1 Qc7 18.Na4 Rac8 19.b4 c4 20.Bc3 Ne4 21.Nxe4 dxe4 22.Bg4
Rcd8 23.Bd4 Nb5 24.Bb6 Rxd1+ 25.Rxd1 Qe5 26.Bd7 Ra8 27.Nc5 Bxc5 28.bxc5 c3
29.c6 Bc8 30.Qb3 Rb8 31.a4 Rxb6 32.Bxc8 Rb8 33.Rd8+ {#r} 1-0

[Event "Memorial A.Sokolsky"]
[Site "masterchessopen.com Minsk (Belarus)"]
[Round "0"]
[White "Cherepkov Alexander V (RUS)"]
[Black "Ivanov Alexander (USA)"]
[Result "1-0"]
[WhiteElo "2395"]
[BlackElo "2523"]

1.d4 Nf6 2.c4 e6 3.Nc3 Bb4 4.e3 b6 5.Ne2 Ba6 6.Ng3 h5 7.h4 Bb7 8.Bd2 Bd6 9.Rh3
a6 10.d5 exd5 11.cxd5 Nxd5 12.Nxh5 Be5 13.Nxd5 Bxd5 14.Bc3 Bxc3+ 15.bxc3 Bb7
16.Nxg7+ Kf8 17.Qd4 Rh7 18.Nf5 Nc6 19.Qf4 Qf6 20.Rc1 Ne5 21.Rg3 Re8 22.Be2 d6
23.Qg5 Qxg5 24.hxg5 Rh2 25.f3 Bc8 26.Nd4 c5 27.Nb3 d5 28.Kf2 Rh4 29.f4 Ng4+
30.Bxg4 Bxg4 31.Rxg4 Rxg4 32.Rh1 Re6 33.Kf3 f5 34.g3 Kg7 35.Rd1 Rd6 36.c4 Rd8
37.cxd5 Rh8 38.d6 Rh3 39.Rg1 Rgh4 40.e4 fxe4+ 41.Kxe4 Rh8 42.Kd5 Rh1 43.Rg2
Rd1+ 44.Rd2 Rhh1 45.Kc6 Rxd2 46.Nxd2 Rd1 47.Ne4 c4 48.Nc3 Rd3 {#r} 1-0

[Event "Cup Atlantic (team)"]
[Site "masterchessopen.com Pohja (Finland)"]
[Round "0"]
[White "Ludvigsen Frode (NOR)"]
[Black "Wahls Matthias (GER)"]
[Result "0-1"]
[WhiteElo "2140"]
[BlackElo "2543"]

1.d4 Nf6 2.c4 e6 3.Nc3 Bb4 4.e3 b6 5.Ne2 Ba6 6.a3 Bxc3+ 7.Nxc3 d5 8.cxd5 Bxf1
9.Kxf1 exd5 10.b4 O-O 11.a4 Qe7 12.Ba3 Rc8 13.Qb3 Qe6 14.h3 Nbd7 15.Ke2 c5
16.bxc5 bxc5 17.Bxc5 Rab8 18.Qa2 Nxc5 19.dxc5 Rxc5 20.Rhc1 Rbc8 21.Qb3 Qa6+
22.Ke1 Qd3 23.Rab1 Ne4 {#R} 0-1

[Event "?"]
[Site "masterchessopen.com Smolensk (Russia)"]
[Round "0"]
[White "Karasev Vladimir I (RUS)"]
[Black "Newerovski Gennadi (RUS)"]
[Result "0-1"]
[WhiteElo "2372"]
[BlackElo "2358"]

1.d4 Nf6 2.c4 e6 3.Nc3 Bb4 4.e3 b6 5.Ne2 Ba6 6.Qa4 c5 7.a3 Bxc3+ 8.Nxc3 O-O
9.b4 Qc7 10.bxc5 bxc5 11.Rb1 cxd4 12.exd4 Rc8 13.Rxb8 Qxb8 14.Qxa6 Qb3 15.Bd2
Ne4 16.Qa4 Nxd2 17.Kxd2 Qb2+ 18.Qc2 Qxa3 19.Bd3 Rab8 20.Ke3 Rb2 21.Qc1 Qb4
22.Rd1 Rb3 23.Na2 Qxc4 24.Qxc4 Rxc4 25.Nc1 Ra3 26.Ne2 Rb4 27.Rc1 g6 28.Rc8+
Kg7 29.Nc3 d5 30.f4 Rc4 {#R} 0-1

[Event "It (cat.11)"]
[Site "masterchessopen.com Szirak (Hungary)"]
[Round "0"]
[White "Knaak Rainer (GER)"]
[Black "Adorjan Andras (HUN)"]
[Result "1-0"]
[WhiteElo "2525"]
[BlackElo "2535"]

1.d4 Nf6 2.c4 e6 3.Nc3 Bb4 4.e3 b6 5.Ne2 Ba6 6.Ng3 O-O 7.e4 Nc6 8.Bd3 Na5
9.Bg5 h6 10.h4 d6 11.Nh5 hxg5 12.hxg5 Nxe4 13.Bxe4 Qxg5 14.f4 Qh6 15.Qf3 d5
16.Bh7+ Kh8 17.Bc2 Kg8 18.Nf6+ Qxf6 19.Bh7+ Kh8 20.Bg6+ Kg8 21.Rh8+ {#r} 1-0

[Event "It (open) \"]
[Site "masterchessopen.com USA"]
[Round "1"]
[White "Karklins Andrew (USA)"]
[Black "Sandrin Angelo"]
[Result "1-0"]
[WhiteElo "2205"]
[BlackElo "2200"]

1.d4 Nf6 2.c4 e6 3.Nc3 Bb4 4.e3 b6 5.Ne2 Ba6 6.a3 Be7 7.Nf4 d5 8.b3 O-O 9.Be2
c6 10.O-O Nbd7 11.Bb2 dxc4 12.Bxc4 Bxc4 13.bxc4 e5 14.Nfe2 exd4 15.exd4 c5
16.d5 Ne5 17.Qb3 Nd3 18.a4 Nxb2 19.Qxb2 Ne8 20.Qb3 Nd6 21.Nb5 Nb7 22.Rfd1 Na5
23.Qd3 Bd6 24.Nec3 Be5 25.g3 a6 26.Na3 Qf6 27.Ne4 Qg6 28.Rab1 Rae8 29.Nc2 Bd4
30.Nxd4 Rxe4 31.Ne2 Rxc4 32.Qxg6 fxg6 33.Rxb6 Rxa4 34.Rxa6 Ra3 35.Nf4 Nc4
36.Rc6 Ne5 37.Rxc5 Nd7 38.Rc7 Rf7 39.d6 Ra2 40.h4 {#r} 1-0

[Event "?"]
[Site "masterchessopen.com USA"]
[Round "0"]
[White "Gurevich Dmitry (USA)"]
[Black "Bonin Jay R (USA)"]
[Result "1-0"]
[WhiteElo "2485"]
[BlackElo "2325"]

1.d4 Nf6 2.c4 e6 3.Nc3 Bb4 4.e3 b6 5.Ne2 Ba6 6.a3 Be7 7.Nf4 d5 8.cxd5 Bxf1
9.Kxf1 Nxd5 10.Qf3 c6 11.g3 Nd7 12.e4 Nxc3 13.Qxc3 Rc8 14.Kg2 O-O 15.Rd1 Qc7
16.Be3 Rfd8 17.Rac1 Qb7 18.f3 Bf8 19.b4 g6 20.Qb3 e5 21.Ne6 fxe6 22.Qxe6+ Kh8
23.dxe5 Bg7 24.Qe7 Qa6 25.Rxd7 Rxd7 26.Qxd7 Qe2+ 27.Bf2 Rf8 28.Qd1 Qa2 29.Qd3
g5 30.Rxc6 g4 31.f4 h5 32.Rc2 {#r} 1-0

[Event "It (cat.9)"]
[Site "masterchessopen.com Yurmala (Latvia)"]
[Round "0"]
[White "Hoi Carsten (DEN)"]
[Black "Utasi Tamas (HUN)"]
[Result "1-0"]
[WhiteElo "2420"]
[BlackElo "2485"]

1.d4 Nf6 2.c4 e6 3.Nc3 Bb4 4.e3 b6 5.Ne2 Ba6 6.Ng3 c5 7.d5 exd5 8.cxd5 Bxf1
9.Kxf1 Bxc3 10.bxc3 d6 11.e4 O-O 12.Bf4 Re8 13.f3 Nbd7 14.Bxd6 Nxe4 15.Nxe4
Rxe4 16.fxe4 Qf6+ 17.Qf3 Qxd6 18.g3 Qh6 19.Kg2 Qd2+ 20.Qf2 Qxc3 21.Rhf1 Rf8
22.Rad1 Ne5 23.Qd2 Qa3 24.Qf4 Nd3 25.Qe3 c4 26.e5 Qxa2+ 27.Kg1 Qa5 28.e6 Qxd5
29.exf7+ Kh8 30.Qe7 Qd4+ 31.Kg2 Qd5+ 32.Rf3 Qc5 33.Qxc5 bxc5 34.Ra1 g6 35.Kg1
Ne5 36.Rff1 Nc6 37.Rfc1 Rxf7 38.Rxc4 Rf5 39.Ra6 Ne5 40.Rc3 Nf3+ 41.Kg2 Ne1+
42.Kh3 Kg7 43.Rxa7+ Kh6 44.g4 Rd5 45.Kg3 Kg5 46.h4+ Kf6 47.g5+ {#r} 1-0

[Event "Ch Commonwealth"]
[Site "masterchessopen.com London (England)"]
[Date "1985.02.19"]
[Round "4"]
[White "Martin Andrew D (ENG)"]
[Black "Carton Patrick (IRL)"]
[Result "1-0"]
[WhiteElo "2399"]
[BlackElo "2189"]

1.d4 Nf6 2.c4 e6 3.Nc3 Bb4 4.e3 b6 5.Ne2 Ba6 6.Ng3 O-O 7.e4 Bxc3+ 8.bxc3 d6
9.Bd3 Nc6 10.O-O e5 11.Be3 Bc8 12.h3 h6 13.f4 exf4 14.Rxf4 Nh7 15.Qd2 Qe7
16.Raf1 Nd8 17.Nf5 Bxf5 18.exf5 f6 19.Rg4 Kh8 20.Re1 Qd7 21.Re4 Nc6 22.Bc2
Rae8 23.Rxe8 Rxe8 24.Ba4 d5 25.cxd5 Qxd5 26.Bxh6 Rxe1+ 27.Qxe1 gxh6 28.Qe8+
Kg7 29.Bb3 Qd8 30.Qxc6 Ng5 31.h4 Qe7 32.Be6 Nxe6 33.fxe6 f5 34.Qd5 Kg6 35.h5+
Kg5 36.Qe5 c6 37.g3 Qa3 38.e7 {#r} 1-0

[Event "It (open)"]
[Site "masterchessopen.com Leverkusen (Germany)"]
[Date "1985.06.14"]
[Round "1"]
[White "Hubert Ralf (GER)"]
[Black "Schoenborn Thomas"]
[Result "1-0"]
[WhiteElo "2293"]
[BlackElo "1800"]

1.d4 Nf6 2.c4 e6 3.Nc3 Bb4 4.e3 b6 5.Ne2 Ba6 6.a3 Bxc3+ 7.Nxc3 d5 8.b3 O-O
9.Bd3 Bb7 10.O-O Nbd7 11.Bb2 dxc4 12.bxc4 c5 13.Re1 Re8 14.Nb5 Qb8 15.dxc5
bxc5 16.Nd6 Rd8 17.Rb1 Nb6 18.Nxb7 Qxb7 19.Bxf6 gxf6 20.Qg4+ {#r} 1-0

[Event "Ch Great Britain (corr.)"]
[Site "masterchessopen.com corr."]
[Round "0"]
[White "Singleton Michael P F (ENG)"]
[Black "Kwiatkowski Feliks J (ENG)"]
[Result "1-0"]
[WhiteElo "2164"]
[BlackElo "2241"]

1.d4 Nf6 2.c4 e6 3.Nc3 Bb4 4.e3 b6 5.Ne2 Ba6 6.Ng3 Bxc3+ 7.bxc3 d5 8.Ba3 Bxc4
9.Bxc4 dxc4 10.O-O Qd7 11.Rb1 Qc6 12.e4 Nxe4 13.Nxe4 Qxe4 14.Re1 Qd5 15.Qg4
Nc6 16.Qxg7 O-O-O 17.Qxf7 Qa5 18.Rxe6 Nb8 19.Be7 Qxa2 20.Rbe1 Rd7 21.Qf3 Re8
22.h4 Qa4 23.h5 Qb5 24.R1e5 Qa4 25.d5 c6 26.Bh4 Rg8 27.dxc6 {#r} 1-0

[Event "Bundesliga 1986/87"]
[Site "masterchessopen.com Germany"]
[Round "0"]
[White "Garcia Palermo Carlos (ITA)"]
[Black "Roeder Mathias (GER)"]
[Result "1-0"]
[WhiteElo "2515"]
[BlackElo "2398"]

1.d4 Nf6 2.c4 e6 3.Nc3 Bb4 4.e3 b6 5.Ne2 Ba6 6.a3 Bxc3+ 7.Nxc3 d5 8.b3 Nc6
9.Be2 O-O 10.a4 dxc4 11.bxc4 e5 12.d5 Na5 13.Ba3 c5 14.dxc6 Re8 15.Nb5 Qc8
16.Nd6 Qxc6 17.Nxe8 Rxe8 18.O-O Bxc4 19.Rc1 Bxe2 20.Qxe2 Qxa4 21.Bb2 b5 22.f4
Nc4 23.fxe5 Nd7 24.e6 Rxe6 25.Bxg7 Kxg7 26.Qg4+ Rg6 27.Qxd7 Ne5 28.Qd5 f6
29.Rc7+ Kh6 30.Qb7 a5 31.Rxh7+ Kg5 32.h4+ {#r} 1-0